| 000 | 01614nam a2200217 a 4500 | ||
|---|---|---|---|
| 008 | 120416s1967 ||||||||||||||||| || u | ||
| 050 | _aTJ 1160 Ran | ||
| 100 | _aRankin, J. A | ||
| 245 | 1 | 0 | _aWorkshop processes and materials for mechanical engineering technicians |
| 260 |
_aHarmondsworth _bPenguin _c1967 |
||
| 300 | _a2v. : ill. | ||
| 350 | _a0.00 | ||
| 995 |
_aANNEX COLLECTION (Main Library) _D0.00 _e716054 _FCBU-MAIN LIBRARY (Kitwe) _H2 _I2.00 _jTJ 1160 Ran _UAVAILABLE _y016051 _ZAnnex Low-Usage Collection |
||
| 995 |
_aMAIN LIBRARY OPEN ACCESS _D0.00 _e716055 _FCBU-MAIN LIBRARY (Kitwe) _H4 _I2.00 _jTJ 1160 Ran _UAVAILABLE _y016055 _ZMain Library Open Access Collection |
||
| 995 |
_aMAIN LIBRARY OPEN ACCESS _D0.00 _e716053 _FCBU-MAIN LIBRARY (Kitwe) _H5 _I2.00 _jTJ 1160 Ran _UAVAILABLE _y016052 _ZMain Library Open Access Collection |
||
| 995 |
_aMAIN LIBRARY OPEN ACCESS _D0.00 _e716059 _FCBU-MAIN LIBRARY (Kitwe) _H6 _I2.00 _jTJ 1160 Ran _UAVAILABLE _y016050 _ZMain Library Open Access Collection |
||
| 995 |
_aANNEX COLLECTION (Main Library) _D0.00 _e716057 _FCBU-MAIN LIBRARY (Kitwe) _H3 _I2.00 _jTJ 1160 Ran _UAVAILABLE _y016053 _ZAnnex Low-Usage Collection |
||
| 995 |
_aANNEX COLLECTION (Main Library) _D0.00 _e716056 _FCBU-MAIN LIBRARY (Kitwe) _H1 _I2.00 _jTJ 1160 Ran _UAVAILABLE _y016054 _ZAnnex Low-Usage Collection |
||
| 995 |
_aANNEX COLLECTION (Main Library) _D0.00 _e716060 _FCBU-MAIN LIBRARY (Kitwe) _H7 _I2.00 _jTJ 1160 Ran _UAVAILABLE _y016048 _ZAnnex Low-Usage Collection |
||
| 995 |
_aMAIN LIBRARY OPEN ACCESS _D0.00 _e716058 _FCBU-MAIN LIBRARY (Kitwe) _H8 _I2.00 _jTJ 1160 Ran _UAVAILABLE _y016049 _ZMain Library Open Access Collection |
||
| 999 |
_c83194 _d83194 |
||